Lotniska - z utwardzonymi pasami startowymi - 1/2 - Statystyki

Ogólne statystyki
  • Ten quiz został rozwiązany 62 razy
  • Średni wynik to 20 z 25
Statystyki odpowiedzi
Ilość Kraj % Poprawnych
5 054 Stany Zjednoczone
100%
510 Chiny
98%
339 Francja (z Polinezją Francuską)
96%
142 Japonia
96%
318 Niemcy
96%
698 Brazylia
94%
594 Rosja
94%
523 Kanada
92%
271 Wielka Brytania
92%
99 Hiszpania
88%
253 Indie
87%
161 Argentyna
85%
349 Australia
83%
243 Meksyk
83%
144 Republika Południowej Afryki
81%
98 Włochy
81%
186 Indonezja
73%
91 Turcja
73%
149 Szwecja
71%
140 Iran
65%
121 Kolumbia
62%
108 Ukraina
62%
127 Wenezuela
56%
108 Pakistan
54%
104 Ekwador
27%
Nie znaleziono quizów pasujących do podanych kryteriów
Rozkład punktacji
Procent ludzi z każdym wynikiem
Percentyl według liczby udzielonych odpowiedzi
Twoja historia wyników
Nie rozwiązałeś tego quizu